Подробности
| 000 -МАРКЕР |
| контрольное поле |
02852njm0a2200373 4500 |
| 001 - ИДЕНТИФИКАТОР ЗАПИСИ |
| контрольное поле |
RU\NLR\ONIZ\263874 |
| 005 - ИДЕНТИФИКАТОР ВЕРСИИ |
| контрольное поле |
20250708193132.0 |
| 035 ## - ДРУГИЕ СИСТЕМНЫЕ НОМЕРА |
| Идентификатор записи |
(NLR Aleph) 012514620 |
| 071 00 - ИЗДАТЕЛЬСКИЙ НОМЕР |
| Номер, присвоенный агентством |
С60-10809-10 |
| 100 ## - ДАННЫЕ ОБЩЕЙ ОБРАБОТКИ |
| Данные общей обработки |
20210504d1979 |||y0rusy50 ca |
| 102 ## - СТРАНА ПУБЛИКАЦИИ ИЛИ ПРОИЗВОДСТВА |
| Страна публикации |
Российская Федерация |
| 126 ## - ПОЛЕ КОДИРОВАННЫХ ДАННЫХ: ЗВУКОЗАПИСИ - ФИЗИЧЕСКИЕ ХАРАКТЕРИСТИКИ |
| Кодированные данные звукозаписи (общие) |
abbxexu ux |
| Кодированные данные звукозаписи (уточнения) |
xxx |
| 127 ## - ПОЛЕ КОДИРОВАННЫХ ДАННЫХ: ПРОДОЛЖИТЕЛЬНОСТЬ ЗВУКОЗАПИСЕЙ И НОТНЫХ ИЗДАНИЙ (МУЗЫКАЛЬНОЕ ИСПОЛНЕНИЕ) |
| Продолжительность |
000036 |
| 200 1# - ЗАГЛАВИЕ И СВЕДЕНИЯ ОБ ОТВЕТСТВЕННОСТИ |
| Основное заглавие |
Мелодии и песни Анатолия Кальварского |
| Общее обозначение материала |
Звукозапись |
| 210 ## - ПУБЛИКАЦИЯ, РАСПРОСТРАНЕНИЕ И ДР. |
| Место издания, распространения и т.д. |
Москва |
| Имя издателя, распространителя и т. д. |
Мелодия |
| Дата издания, распространения и т.д. |
1979 |
| 215 ## - ФИЗИЧЕСКАЯ ХАРАКТЕРИСТИКА |
| Специфическое обозначение материала и объем |
1 грп. [ГОСТ 5289-73] : 33 об/мин, стерео |
| Размеры |
30 см, в конв |
| 327 1# - ПРИМЕЧАНИЯ О СОДЕРЖАНИИ |
| Текст примечания |
1. Пой, земля / [слова] : И. Резника ; исполняют : А. Троицкий, пение, вокальное трио ; |
| -- |
2. Лесное озеро / [слова] : И. Резника ; исполняют : А. Кожевникова, пение, вокальное трио ; |
| -- |
3. Да, это счастье / [слова] : К. Рыжова ; исполняют : Н. Бродская, ансамбль "Солнце" ; |
| -- |
4. Час пик ; |
| -- |
5. Белая ночь / [слова] : К. Рыжова ; исполняет : Е. Дриацкая, пение ; |
| -- |
6. Еще не вечер / [слова] : К. Рыжова ; исполняют : М. Боярский, пение, вок. трио ; |
| -- |
7. Осенний романс ; |
| -- |
8. Хороша была любовь / [слова] : Л. Шишко ; исполняют : А. Иванова, пение, ансамбль "Солнце" ; |
| -- |
9. Улица детства ; |
| -- |
10. Зелье приворотное / [слова] : Ю. Погорельского ; исполняет : Н. Бродская, пение ; |
| -- |
11. В субботу утром / сопровождает : Эстрадный оркестр Ленинградского радио, дирижер А. Кальварский |
| 606 1# - НАИМЕНОВАНИЕ ТЕМЫ КАК ПРЕДМЕТ |
| Наименование темы |
Песни российских композиторов |
| Хронологический подзаголовок |
20-21 вв. |
| Формальный подзаголовок |
Звукозапись |
| Код системы |
nlr_sh |
| 606 1# - НАИМЕНОВАНИЕ ТЕМЫ КАК ПРЕДМЕТ |
| Наименование темы |
Певцы эстрадные российские |
| Хронологический подзаголовок |
20-21 вв. |
| Формальный подзаголовок |
Звукозапись |
| Код системы |
nlr_sh |
| 606 1# - НАИМЕНОВАНИЕ ТЕМЫ КАК ПРЕДМЕТ |
| Наименование темы |
Музыка для эстрадного оркестра |
| Географический подзаголовок |
Россия |
| Хронологический подзаголовок |
20-21 вв. |
| Формальный подзаголовок |
Звукозапись |
| Код системы |
nlr_sh |
| 686 0# - ИНДЕКСЫ ДРУГИХ КЛАССИФИКАЦИЙ |
| Индекс |
Щ943.4-041.5я44(2Р=Р) |
| 686 0# - ИНДЕКСЫ ДРУГИХ КЛАССИФИКАЦИЙ |
| Индекс |
Щ951.81я44(2Р=Р) |
| 700 #1 - ИМЯ ЛИЦА - ПЕРВИЧНАЯ ОТВЕТСТВЕННОСТЬ |
| Системный номер авторитетной/нормативной записи |
z01790 |
| Начальный элемент ввода |
Кальварский |
| Часть имени, кроме начального элемента ввода |
А. В. |
| Даты |
1934- |
| Расширение инициалов личного имени |
Анатолий Владимирович |
| Код отношения |
Композитор |
| Графика поля |
Кириллица |
| 712 02 - НАИМЕНОВАНИЕ ОРГАНИЗАЦИИ - ВТОРИЧНАЯ ОТВЕТСТВЕННОСТЬ |
| Начальный элемент ввода |
Эстрадный оркестр Ленинградского радио |
| Код отношения |
Прочие |
| Графика поля |
Кириллица |
| 790 #1 - ИМЯ ЛИЦА - АЛЬТЕРНАТИВНАЯ ФОРМА |
| Системный номер авторитетной/нормативной записи |
z01700 |
| Начальный элемент ввода |
Kal`varskij |
| Часть имени, кроме начального элемента ввода |
A. V. |
| Даты |
1934- |
| Расширение инициалов личного имени |
Anatolij Vladimirovič |
| Код отношения |
Композитор |
| Графика поля |
Латинская |
| 801 #0 - ИСТОЧНИК ЗАПИСИ |
| Страна |
Российская Федерация |
| Организация |
NLR |
| Дата составления |
20210504 |
| Правила каталогизации |
PSBO |
| 801 #1 - ИСТОЧНИК ЗАПИСИ |
| Страна |
Российская Федерация |
| Организация |
NLR |
| Дата составления |
20210504 |
| Источник данных |
rusmarc |
| 801 #2 - ИСТОЧНИК ЗАПИСИ |
| Страна |
Российская Федерация |
| Организация |
NLR |
| Дата составления |
20210523 |
| 852 ## - МЕСТОНАХОЖДЕНИЕ И ШИФР ХРАНЕНИЯ |
| Идентификатор организации |
NLR |
| Наименование фонда или коллекции (Sub-Location Identifier) |
Мг |
| Шифр хранения (Call Number) |
3/7746 |
| Страна |
|
| Номер экземпляра |
1 |
| 942 ## - ДОПОЛНИТЕЛЬНЫЕ ЭЛЕМЕНТЫ ЗАПИСИ (АБИС) |
| Тип экземпляра АБИС |
Звукозапись |
| 980 ## - КОЛЛЕКЦИЯ |
| Название коллекции |
Национальная библиография |
| 980 ## - КОЛЛЕКЦИЯ |
| Название коллекции |
Отдел нот и звукозаписей |